Quizzes
Events
Quiz Creation
Community
Videos
Private Events
Remove Ads
Sign In
Join for FREE
Feedback
Dark Mode
Quiz Categories
Sports
Geography
Music
Movies
Television
Just For Fun
Miscellaneous
History
Literature
Language
Science
Gaming
Entertainment
Religion
Holiday
For Kids
Quiz Lab
Recent
Popular Today
Quiz Kudos Today
Editor Picks
Curator Picks
Quizzes by...
Day
Popularity
Type
Ratings
Length
Year
Community
Subscriptions
Recent Discussions
Orange Saloon
Badges
Playlists
Quests
Create
Leaderboards
Showdown
Live 5
Trivia Bingo
Activity
Puzzle Library
Sporcle Events
Private Events
Virtual Trivia
Globe League
Become a Host
Pub Owners
SporcleCon
Opinionation
Our Games
Videos
Blog
Mobile Apps
Partnerships
Remove Ads and Go Orange
Feedback
Television
TV Characters
TV Show
Sitcom
Network
Friends
Reality Shows
Cast
South Park
Star Trek
The Simpsons
Doctor Who
Television
TV Characters
TV Show
Sitcom
Network
Friends
Reality Shows
Cast
South Park
Star Trek
The Simpsons
Doctor Who
Random Quiz
Search Sporcle
×
Quiz Lab
Quiz Lab
Television
TV Show
Select answers by clicking on text or image buttons
Select answers by clicking on text or image buttons
Clickable
Best Score? Go Orange.
Game of Thrones: Dead or Alive? Stats
Can you pick which of these characters from Game of Thrones are alive and which are dead?
By
Nietos
5m
60 Questions
3,782 Plays
3,782 Plays
3,782 Plays
Comments
Comments
Give Quiz Kudos
Give Quiz Kudos
-
- Ratings
hide this ad
More Info
Forced Order
Answers have to be entered in order
Answers have to be entered in order
Replay
Link that replays current quiz
Next Quiz
Link to next quiz in quiz playlist
You Got
0%
They Got
Avg Score
83%
Avg Friend Score
Upgrade to see
Score Distribution
Jump to the score distribution portion of the page
Score
0/60
Timer
05:00
0
Plays Today
% Correct
Dead
93.7%
Dead
93.6%
Dead
93.5%
Dead
93.4%
Dead
93.1%
Dead
93%
Dead
93%
Dead
92.9%
Dead
92.8%
Dead
92.6%
Alive
92.1%
Dead
91.9%
Dead
91.8%
Alive
91.8%
Alive
91.8%
Dead
91.8%
Alive
91.5%
Dead
91.3%
Dead
91.2%
Dead
90.8%
Dead
90.7%
Dead
90.5%
Alive
90.4%
Dead
90.3%
Dead
89.9%
Dead
89.6%
Dead
89.5%
Dead
89.4%
Dead
89.4%
Dead
88.3%
% Correct
Dead
88%
Dead
87.7%
Dead
87.7%
Dead
86.9%
Dead
86.5%
Alive
86%
Dead
86%
Alive
85.8%
Alive
85.3%
Dead
84.4%
Dead
84.4%
Dead
84.2%
Dead
83.9%
Dead
83.2%
Dead
82.6%
Dead
82.2%
Dead
81.1%
Dead
81%
Dead
80.6%
Dead
79.9%
Alive
79.1%
Alive
77.9%
Dead
77.3%
Dead
74.1%
Alive
67.7%
Alive
57.7%
Alive
51%
Alive
45.2%
Alive
42.3%
Alive
23.8%
Quiz Playlist
Details
Report
Send in Message
Add To Playlist
More Info:
After 8x06.
Clickable:
Select answers by clicking on text or image buttons
Forced Order:
Answers have to be entered in order
Last Updated: May 20, 2019
Quiz Scoreboard
CHALLENGE
Sign Up to Join the Scoreboard
Show All
Scores
Hide
Comments
May contain spoilers
Recently Published
College Basketball Coaching Resumes
by pancakes188
Sports
9m
Billboard Blitz: Fleetwood Mac
by CooCooCachoo
Music
15s
Presidents Visiting Landmarks
by Hejman
History
7m
More to Explore
Quiz From the Vault
Featured Blog Post
Where Did the Easter Bunny Come From?
hide this ad
You Might Also Like...
Tags
A Song of Ice and Fire Quiz
Clickable Quiz
This or That Quiz
TV Characters Quiz
TV Show Quiz
Game of Thrones
Today's Top Quizzes in Television
Browse Television
hide this ad
Today's Top Quizzes in TV Show
Browse TV Show
Top Contributed Quizzes in Television
1
5-to-1: The Simpsons Families
2
5-to-1: Television Doctors
3
7-to-1: TV Show Settings
4
5-to-1: Streaming Originals
5
One Piece Logic Puzzle
6
Survivor Seasons
7
Survivor Logic Puzzle: Heroes vs. Villains
8
All US Survivor Seasons in Order
9
TV Shows by First Names
10
Survivor Season by Logo
Explore More
Trending Topics
Harry Potter
Kpop
Crossword
Anime
Disney
Marvel
NBA
Pokémon
NFL
WWE
Country
Soccer
The Office
Song
Puzzle
hide this ad
More By:
Nietos
Quiz
Plays
Rating
Category
Featured
Created
Order Up: House Lannister
28
5.00
Literature
Mar 26, 2024
Order Up: House Tully
30
5.00
Literature
Mar 26, 2024
Order Up: House Baratheon
54
5.00
Literature
Mar 25, 2024
Order Up: House Stark
63
5.00
Literature
Mar 25, 2024
One Piece Characters by Funko Pop! Figures II
103
4.00
Entertainment
Mar 20, 2024
Go to Creator's Profile
Score Distribution
Quiz Creator Spotlight
Nietos
Follow
Send a Message
Quizzes Created
-
Created Quiz Play Count
-
More By This Creator
Popular Quizzes Today
1
Find the US States - No Outlines Minefield
2
Find the Countries of Europe - No Outlines Minefield
3
The Countries of the World
4
Find the US States
5
Risky Map Clicking: Biggest States A-Z
6
US States
7
Popular People in 1961
8
Movies - When Are They Set?
More Television Quizzes
T-V S-H-O-W (CBS IV)
Quiz Lab
Trending Quizzes
Risky Map Clicking: Least Populous States A-Z
1-10 Letter G Words
1-10 Letter F Words
Risky Map Clicking: Next State Alphabetically
Risky Map Clicking: Biggest States A-Z
Recently Updated
Leaping Animals
pecheneg
Reality TV Shows (A-Z)
bhenderson79
Rickey Henderson's Hall of Fame Teammates
pecheneg
Champions League XIs: Arsenal
pecheneg
Quick Pick: Celebrities in WWE's Hall of Fame
aduchscher
A-Z Keypad Blitz II
pecheneg
Multiple Oscar Actors
pecheneg
Mystery Phrase Blitz: Oscar 'Best Actors'
pecheneg
F. Scott Fitzgerald Novels
LTH
Pick 3 Villains
ddd62291
Trending Topics
Anime
NBA
Crossword
Kpop
Marvel
Harry Potter
Disney
NFL
Soccer
Country
Pokémon
Puzzle
The Office
Song
WWE
Your Account Isn't Verified!
In order to create a playlist on Sporcle, you need to verify the email address you used during registration. Go to your
Sporcle Settings
to finish the process.
Report this User
Report this user for behavior that violates our
Community Guidelines
.
Details:
Send Report
Go to the Sporcle.com Mobile Site →
Comments